000 00500nmm a2200169Ia 4500
008 251105s9999||||xx |||||||||||||||||und||
020 _a9788489564596
041 _aspa
100 _aParedes, Israel
245 0 _aJohn Cassavetes. :
_b Claroscuro americano
264 _a[Madrid, España] :
_bEdiciones JC Clementine,
_c2009
300 _a296 páginas
490 _aColección Directores de cine
650 _aBiography
856 _uhttps://public.digitaliapublishing.com/a/12931
942 _cCF
999 _c87073
_d87073